Armes de… mort subite ! - Statistiques

Statistiques générales
  • Ce quiz a été pris 75 139 fois
  • Le résultat moyen est 8 sur 20
Answers on the Grid
Answers color-coded by a green-red scale on the quiz's grid according to % correct below.
Arquebuse
Atlatl
Axolotl
Baïonnette
Cagoule
Cimeterre
Claymore
Dilaudid
Dinar
Glockenspiel
Gourdin
Guisarme
Hallebarde
Iglou
Katana
Khépesh
Larme
Morgenstern
Mortier
Naruto
Nunchaku
Pakchoï
Saï
Samovar
Sashimi
Shiitake
Shuriken
Tomahawk
Tranche
Trébuchet
Trémolo
Trident
Tromblon
Uzi
Vacarme
Vantablack
 
Statistiques - réponses
Réponse % Correct
Arme blanche conçue pour s'adapter au canon d'un fusil Baïonnette
81%
Arme à feu Arquebuse
66%
Sabre japonais de Leonardo Katana
65%
Pièce d'artillerie Mortier
61%
Arme primitive Gourdin
58%
Arme d'hast Trident
56%
L’arme traditionnelle japonaise de lancer Shuriken
52%
Arme d'hast Hallebarde
51%
Arme de Michelangelo Nunchaku
51%
Hache amérindienne Tomahawk
44%
Pistolet-mitrailleur Uzi
44%
Épée à une main et demie ou deux mains Claymore
43%
Grand sabre oriental inventé par les Perses Cimeterre
41%
Engin de siège Trébuchet
39%
Arme à feu Tromblon
28%
Arme de Raphael Saï
14%
Arme blanche médiévale d'origine germanique Morgenstern
13%
Type d'épée égyptienne Khépesh
12%
Arme d'hast Guisarme
11%
Appareil servant à propulser Atlatl
9%
Aucun quiz correspondant
Distribution des résultats
% des personnes avec chaque résultat
Percentile par nombre de réponses
Votre historique - résultats
Vous n’avez pas pris ce quiz